01009 2200337 4500001002100000005001500021035002000036007000300056008004100059020002200100040001700122082001400139084001600153090001800169100002100187245015100208250005000359260003300409300003800442650001800480700002400498700001800522700002000540700001800560700001600578850001200594041000800606490002100614990001800635990001800653INLIS00000000081718320181030022509 a0010-1018000063ta181003s2017 jbia b 1 ind d a978-602-420-288-0 aYOPDYOGbind04223a741.5 a741.5 LAI r aK 741.5 LAI r0 aLaily Kurniawati1 aRamalan madam remona /cLaily Kurniawati, Syafa Aulia Ibnatia; gambar oleh, Andhita Tiara, Ifran Mahardika, Mustafa Kamal; penyunting, Ahmad Mahdi aCetakan I, Rabi' Al-Tsani 1438 H/Januari 2017 aBandung :bDAR! Mizan,c2017 a117 halaman :bilustrasi ;c19 cm 4aKomik, Bacaan0 aSyafa Aulia Ibnatia0 aAndhita Tiara0 aIfran Mahardika0 aMustafa Kamal0 aAhmad Mahdi aYOPDYOG0 aind aKomik fantasteen a35920-PD/B.18 a35921-PD/B.18